00456 a2200145 4500001001000000005001700010008004100027245003600068100003300104700003500137700003100172700002300203773006700226999001700293ART_2946220260410161729.0260409a 10aComercio minoristas tradicional1 aKosiak de Gesualdo, Graciela1 aEtcheverría, María Belén1 aModesto, María Florencia1 aGesualdo, Gabriela0 tCiencias económicasg- Año 11, Vol. 1 (ene. 2014)wREV2567 c17646d17646